[Event "BCF-chT3N 1819 (4NCL)"]
[Site "England"]
[Date "2019.05.05"]
[Round "10.44"]
[White "Johnson, Michael D"]
[Black "Bramson, Mike"]
[Result "1/2-1/2"]
[WhiteElo "1954"]
[BlackElo "1786"]
[PlyCount "163"]
[EventDate "2018.11.10"]
[EventType "team-swiss"]
[EventRounds "11"]
[EventCountry "ENG"]
[SourceTitle "EXT 2021"]
[Source "ChessBase"]
[SourceDate "2020.10.23"]
[SourceVersion "1"]
[SourceVersionDate "2020.10.23"]
[SourceQuality "1"]
[WhiteTeam "Spirit of Atticus II"]
[BlackTeam "Bradford DCA Knights II"]
[WhiteTeamCountry "ENG"]
[BlackTeamCountry "ENG"]

1. Nf3 Nf6 2. g3 g6 3. Bg2 Bg7 4. 0-0 0-0 5. d4 d6 6. c4 Nbd7 7. Nc3 c6 8. Bg5 h6 9. Bxf6 Nxf6 10. Rc1 Bg4 11. Qd2 Qd7 12. Rfd1 Rad8 13. b3 Bh3 14. e4 Bxg2 15. Kxg2 Ne8 16. Nh4 e6 17. f4 Kh7 18. Nf3 f6 19. Qc2 Qf7 20. f5 d5 21. fxg6+ Qxg6 22. Nh4 Qf7 23. exd5+ f5 24. dxe6 Qxe6 25. d5 Qe5 26. Re1 Qxc3 27. Qxc3 Bxc3 28. Rxc3 Rf7 29. dxc6 bxc6 30. Rce3 Rd2+ 31. Kf3 Nd6 32. Re7 Kg7 33. c5 Rxe7 34. Rxe7+ Nf7 35. Rxa7 Kf6 36. h3 Rd3+ 37. Kf2 Ne5 38. Rh7 Rd2+ 39. Ke1 Rxa2 40. Rxh6+ Kg5 41. Re6 Nd3+ 42. Kf1 Nxc5 43. Re5 Nxb3 44. Rxf5+ Kh6 45. Rf6+ Kg5 46. Rxc6 Nd4 47. Rc4 Ra1+ 48. Kf2 Ra2+ 49. Ke3 Ra3+ 50. Kxd4 Rxg3 51. Ke5 Re3+ 52. Kd6 Rxh3 53. Ng2 Ra3 54. Nf4 Kf5 55. Nd5 Ra6+ 56. Kc5 Ke5 57. Nc3 Ra8 58. Re4+ Kf5 59. Re1 Rc8+ 60. Kd4 Rd8+ 61. Nd5 Ra8 62. Rf1+ Kg5 63. Nc7 Ra4+ 64. Ke5 Kg4 65. Nd5 Kg3 66. Nc3 Ra5+ 67. Ke4 Kg2 68. Rf8 Rg5 69. Ne2 Rg7 70. Nf4+ Kh2 71. Kf3 Rh7 72. Ra8 Kg1 73. Ra1+ Kh2 74. Kf2 Rf7 75. Ke3 Kg3 76. Rg1+ Kh2 77. Rg4 Ra7 78. Rg2+ Kh1 79. Rg5 Kh2 80. Kf2 Ra2+ 81. Ne2 Kh3 82. Kf3 1/2-1/2